| Tag |
First Indicator |
Second Indicator |
Subfields |
| LEADER |
00000cam a2200000 a 4500 |
| 001 |
in00000016687 |
| 005 |
20151007052834.0 |
| 008 |
870708s1984 aluab b s00010 eng d |
| 035 |
|
|
|a (OCoLC)16145950
|
| 035 |
|
|
|9 AAA9382AM
|
| 040 |
|
|
|a TXA
|c TXA
|d UtOrBLW
|
| 043 |
|
|
|a n-us-al
|
| 049 |
|
|
|a TXAM
|c [A11055196]
|
| 050 |
|
4 |
|a QE81
|b .A16 no. 112B
|
| 100 |
1 |
|
|a Moore, James D.
|
| 245 |
1 |
0 |
|a Ground-water levels in Alabama, 1982 water year :
|b October 1, 1981-September 30, 1982 /
|c by James D. Moore ; in cooperation with the U.S. Geological Survey.
|
| 264 |
|
1 |
|a Tuscaloosa, Ala. :
|b Geological Survey of Alabama, Water Resources Division,
|c 1984.
|
| 300 |
|
|
|a 189 pages :
|b illustrations, maps ;
|c 28 cm.
|
| 336 |
|
|
|a text
|b txt
|2 rdacontent
|
| 337 |
|
|
|a unmediated
|b n
|2 rdamedia
|
| 338 |
|
|
|a volume
|b nc
|2 rdacarrier
|
| 490 |
1 |
|
|a Circular / Geological Survey of Alabama ;
|v 112B
|
| 500 |
|
|
|a One folded map in pocket.
|
| 650 |
|
0 |
|a Groundwater
|z Alabama.
|
| 650 |
|
0 |
|a Water table
|z Alabama.
|
| 710 |
2 |
|
|a Geological Survey (U.S.)
|
| 710 |
2 |
|
|a Geological Survey of Alabama.
|
| 830 |
|
0 |
|a Circular (Geological Survey of Alabama) ;
|v 112B.
|
| 999 |
|
|
|a MARS
|
| 999 |
f |
f |
|s 86d7cb97-2995-3d67-ba94-a954e31882f1
|i 06b3cd74-dbcc-3201-aaf4-e0768273579a
|t 0
|
| 952 |
f |
f |
|p ric
|a Texas A&M University
|b Rellis Campus
|c Joint Library Facility
|d Remote Storage
|t 0
|e QE81 .A16 no.112B
|h Library of Congress classification
|i unmediated -- volume
|m A14811055196
|
| 998 |
f |
f |
|a QE81 .A16 no.112B
|t 0
|l Remote Storage
|